000 01341cam a2200385 a 4500
001 1405426
003 OSt
005 20140310181632.0
008 830527s1984 nyuaf b s001 0 eng
010 _a 83005044
020 _a0873957784
020 _a0873957792 (pbk.)
020 _a0873957768 (cover)
040 _aDLC
_cDLC
_dDLC
043 _an-us-pa
050 0 0 _aHN 80
_b.C872 1984
082 0 0 _aTR 306.09
_bC83 1984
100 1 _aCouvares, Francis G.,
_d1948-
245 1 4 _aThe remaking of Pittsburgh :
_bclass and culture in an industrializing city 1877-1919 /
_cFrancis G. Couvares.
260 _aAlbany :
_bState University of New York Press,
_cc1984.
300 _aviii, 187 p., [1] leaf of plates :
_bill. ;
_c24 cm.
440 0 _aSUNY series in American social history
500 _aIncludes index.
504 _aBibliography: p. 162-179.
521 _aFourth year high school and above
526 _c1110L to 1700L
541 _j1
562 _eFor circulation. One copy is available in the collection
650 0 _aIndustries
_zPennsylvania
_zPittsburgh.
650 0 _aWorking class
_zPennsylvania
_zPittsburgh.
650 0 _aPopular culture
_zPennsylvania
_zPittsburgh.
651 0 _aPittsburgh (Pa.)
_xSocial conditions.
906 _a7
_bcbc
_corignew
_d1
_eocip
_f19
_gy-gencatlg
942 _2lcc
_cBK
_kTR
999 _c540
_d540